000 00619cam a22002054a 4500
005 20250605164154.0
008 250528s ||||||||||||||||||||||||d
035 _a19502
020 _a9606303497
040 _aGR-AtMCL
_bgre
_dGR-AtMCL
_eAACR2
245 1 _aΑΠΟΤΙΜΗΣΗ ΕΠΕΝΔΥΣΕΩΝ & ΑΞΙΟΛΟΓΗΣΗ ΕΠΙΧΕΙΡΗΣΕΩΝ
250 _a1
260 _bΣαββας Ηλιαδης,
_c2004
300 _a460
700 1 _aΑθιανος Στεργιος Α
_95745
700 1 _aΚωνσταντινουδης Κλεανθης
_95746
942 _cBK
999 _c4758
_d4758